000 00716nam a22001337a 4500
040 _cNUST
082 _a355.02,BID
100 _aBiddle, Stephen
_9105780
245 _aMilitary Power :
_bExplaining Victory and Defeat in Modern Bttle /
_cStephen Biddle
260 _aLahore
_bArmy Education
_c2005
300 _a337 p.:
505 _aIntroduction (Page-1), A Literature Built on Weak Foundations (Page-14), The Modern System (Page-28), The Modern System, Preponderance, and Change Technology (Page-52), Operation Michael (Page-78), Operation Good wood (Page-108), Operation Desert Storm (Page-132), Statistical Tests (Page-150), Experimental Tests (Page-181), Conclusion (Page-190).
942 _2ddc
_cBK
_m355.02,BID
999 _c592798
_d592798